000 00958nam a2200265 a 4500
001 BRCA_8422
005 20190320210256.0
008 100815s2006----mx-a######---#000-0#spa-#
020 _a9703107230
041 _aspa
044 _amx
050 4 _aGT3214.A2
_b.C38 2006
245 1 0 _aCatrina y sepulcro
_bcultura y espacios funerarios en México
_cCarlos Alberto Mercado Limones, Luz de Lourdes Serna Cerrillo, compiladores.
260 _aMéxico
_bUAM, Unidad Xochimilco
_c2006
300 _a261 p.
_bil., mapas
_c22 cm.
504 _aIncluye referencias bibliográficas
650 1 4 _aCementerios
_zMéxico
_921099
650 1 4 _aEnterramientos
_zMéxico
_921100
650 1 4 _aMonumentos funerarios
_zMéxico
_921101
650 1 4 _aMausoleos
_zMéxico
_921102
650 1 4 _aRitos y ceremonias fúnebres
_zMéxico
_921103
700 1 _aMercado Limones, Carlos Alberto
_ecomp.
_921104
700 1 _aSerna Cerrillo, Luz de Lourdes
_ecomp.
_921105
942 _2lcc
_cB
999 _c8089
_d8089